000 01163nam0a22003011 4500
001 RU\INFOCOMM_327\NLR\5000021886
005 20250613110154.0
035 _a(NLR Aleph) 009552084
090 _a9014316
_c9014316
100 _a20130207d1979 |||y0rusy50 ca
101 0 _aeng
102 _aRU
105 _ay z |||||
200 1 _aClassical Yang-Mills solutions, condensation of W mesons and symmetry of composition of superdense matter
_fA. D. Linde
210 _aM.
_d1979
215 _a11 с.
_d20 см
225 1 _aPreprint
_fAcad. of sciences of the USSR, P. N. Lebedev phys. inst. I. E. Tamm dep. of theoretical physics
_iHigh energy physics and cosmic rays
_vN 38
320 _aБиблиогр.: с. 11
606 0 _aКвантовая теория поля
_xУравнение Янга-Миллса
_xРешение
_2nlr_sh1
606 0 _aМатерия
_xСверхплотное состояние
_2nlr_sh1
620 _aМосква
686 _aВ382.1
_2rubbk
700 1 _aLinde
_bA. D.
_gAndrej Dmitrievič
801 1 _aRU
_bInfocomm
_c20130207
801 0 _aRU
_bINFOCOMM
_gPSBO
852 _aNLR
_jФз01 Д-4/1072
942 _cBOOK
980 _aNB